000
00221 a2200097 4500
001
16641
100
_a
Interavia S A
245
_a
Military electronics Defence 80 79
260
_a
_b
Intervia S A
_c
090
_c
12553
_d
12553
942
_a
NUST-CAE
_c
M
_c
2840
999
_c
251714
_d
251714